MARC details
| 000 -CABECERA |
| campo de control de longitud fija |
01151nam a2200265 a 4500 |
| 001 - NÚMERO DE CONTROL |
| campo de control |
000003007 |
| 005 - FECHA Y HORA DE LA ÚLTIMA TRANSACCIÓN |
| campo de control |
20260114113658.0 |
| 008 - DATOS DE LONGITUD FIJA--INFORMACIÓN GENERAL |
| campo de control de longitud fija |
090706s2008 dr ac 001 0 spa d |
| 020 ## - NÚMERO INTERNACIONAL ESTÁNDAR DEL LIBRO |
| Número Internacional Estándar del Libro |
9789945162233 |
| 040 ## - FUENTE DE LA CATALOGACIÓN |
| Centro catalogador/agencia de origen |
DO-SdBNP |
| Lengua de catalogación |
spa |
| Centro/agencia transcriptor |
BNPHU |
| 082 ## - NÚMERO DE LA CLASIFICACIÓN DECIMAL DEWEY |
| Número de clasificación |
306.81 |
| Número de documento/Ítem |
Z88r |
| 100 1# - ENTRADA PRINCIPAL--NOMBRE DE PERSONA |
| Nombre de persona |
Zorrilla, Héctor |
| 9 (RLIN) |
9543 |
| 245 10 - MENCIÓN DE TÍTULO |
| Título |
Recetas para enriquecer tu matrimonio : |
| Resto del título |
cómo mantener las llamas del amor / |
| Mención de responsabilidad, etc. |
Héctor Zorrilla, Clemencia Zorrilla. |
| 260 ## - PUBLICACIÓN, DISTRIBUCIÓN, ETC. |
| Lugar de publicación, distribución, etc. |
Santo Domingo : |
| Nombre del editor, distribuidor, etc. |
Misión para Vivir : MIPAV, |
| Fecha de publicación, distribución, etc. |
2008. |
| 300 ## - DESCRIPCIÓN FÍSICA |
| Extensión |
129 p. : |
| Otras características físicas |
il., retr. ; |
| Dimensiones |
22 cm. |
| 500 ## - NOTA GENERAL |
| Nota general |
Una guía para usarse durante las reuniones de los Club de parejas,Ministerio de matrimonios, circulo de matrimonios o pastoral familiar en las iglesias locales |
| 500 ## - NOTA GENERAL |
| Nota general |
Toda pareja desea disfrutar de su amor. Este libro te enseña como hacero |
| 500 ## - NOTA GENERAL |
| Nota general |
Incluye datos biográficos de los autores solapa |
| 504 ## - NOTA DE BIBLIOGRAFÍA, ETC. |
| Nota de bibliografía, etc. |
Incluye bibliografía (p. 121 -124 ) |
| 650 #4 - PUNTO DE ACCESO ADICIONAL DE MATERIA--TÉRMINO DE MATERIA |
| Término de materia o nombre geográfico como elemento de entrada |
Matrimonio |
| Subdivisión general |
Aspectos religiosos |
| 9 (RLIN) |
2391 |
| 650 #0 - PUNTO DE ACCESO ADICIONAL DE MATERIA--TÉRMINO DE MATERIA |
| Término de materia o nombre geográfico como elemento de entrada |
Parejas |
| 9 (RLIN) |
802 |
| 650 #4 - PUNTO DE ACCESO ADICIONAL DE MATERIA--TÉRMINO DE MATERIA |
| Término de materia o nombre geográfico como elemento de entrada |
Consejeria matrimonial |
| 9 (RLIN) |
1274 |
| 650 #4 - PUNTO DE ACCESO ADICIONAL DE MATERIA--TÉRMINO DE MATERIA |
| Término de materia o nombre geográfico como elemento de entrada |
Orientación psicológica |
| 9 (RLIN) |
9544 |
| 700 1# - PUNTO DE ACCESO ADICIONAL--NOMBRE DE PERSONA |
| Nombre de persona |
Zorrilla, Clemencia |
| Término indicativo de función/relación |
aut. |
| 9 (RLIN) |
9545 |